=LDR 00000nam 2200000 4500 =001 001155 =005 20250710113143 =035 ##$$a 0010-0725000024 =007 ta =008 250710################a##########0#ind## =020 ##$$a 978-623-307-159-8 =082 ##$$a 398.209 598 =084 ##$$a 398.209 598 ERN s =100 #$$a Erna fitrini =245 1#$$a Street /$c Erna fitrini =250 ##$$a Cetakan pertama =260 ##$$a Rawamangun :$b Badan pengembangan dan pembinaan bahasa,$c 2022 =300 ##$$a 28 hlm. : $b Ikus. ; $c 29,7 cm =650 #4$$a Cerita anak-indonesia =650 #4$$a Literasi-bahan bacaan =856 ##$$a TBM As suhada